000 00431nam a2200181Ia 4500
001 1893
005 20260306143802.0
008 260306t2012||||xx |||||||||||||| ||spa||
041 _aESP
082 _a158.1
_bCH574
100 _aChristensen, Clayton M.
_eAUT
245 0 _aHow will you measure your life?
260 _c2012
300 _a221 páginas :
_c21 cm.
650 _aGEN
654 _aCPS
942 _cLIB
_dJUS
_fJUS
_2ddc
_n
999 _c1893
_d1893